000 00778nam a2200277Ia 4500
001 dia_2554
003 CHAP
005 20240226111219.0
008 220117s1974 xx 000 0 und d
010 _a173071
040 _cCHAP
082 _a658.562 J8
100 _aJuran, J.M.
_962524
245 _aJuran's Quality Control Handbook /
_c by J.M. Juran
250 _a3
260 _aNew york :
_b Mcgraw-Hill,
_c1974
300 _aPag. variable
500 _aI.181851 e I.181696
505 _aIncluye bibliografía e índices
650 _a1.Calidad, control de la./
650 _aControl de la calidad
_xmanuales
_9153127
901 _a658.562 J8
902 _aM
905 _a0000001974 NY X 0000000000ING00
942 _cLIBRO
_2ddc
999 _c173071
_d173071